这些史前考古遗址都在哪个省? Where are these prehistoric archaeological sites? - Statistics

General Stats
  • This quiz has been taken 33 times
  • The average score is 11 of 34
Answers on the Map
Answers color-coded by a green-red scale on the quiz's map according to % correct below.
 
Answer Stats
Answer % Correct
周口店遗址
83%
元谋猿人遗址
79%
三星堆遗址
79%
良渚遗址
72%
半坡遗址
69%
大汶口遗址
66%
仰韶村遗址
66%
红山遗址群
62%
卡若遗址
48%
磁山遗址
41%
陶寺遗址
38%
小河墓地
34%
崧泽遗址
31%
大地湾遗址
28%
屈家岭遗址
28%
喇家遗址
28%
牛河梁遗址
28%
南丫岛大湾遗址
28%
水洞沟遗址
24%
城头山遗址
24%
大溪遗址
21%
草鞋山遗址
21%
黑沙遗址
21%
甑皮岩遗址
17%
马坝人遗址
17%
尉迟寺遗址
17%
后套木嘎遗址
17%
昙石山遗址
14%
观音洞遗址
14%
圆山遗址
10%
围坊遗址
7%
落笔洞遗址
7%
莺歌岭遗址
3%
山背遗址
3%
No matching quizzes found
Score Distribution
Percent of People with Each Score
Percentile by Number Answered
Your Score History
You have not taken this quiz